A history of marginal utility theory.

Bibliographic Details
Main Author: Kauder, Emil
Format: Book
Language:English
Published: Princeton, N. J. : Princeton University Press, 1965.
Subjects:

MARC

Tag First Indicator Second Indicator Subfields
LEADER 00000cam a2200000 4500
001 in00000060356
005 20151007082543.0
008 770125s1965 njua b 00100 eng
010 |a  65010827  
035 |a (OCoLC)02701193 
035 |9 AAF8054AM 
040 |a DLC  |c IAA  |d OCL  |d TXA  |d UtOrBLW 
049 |a TXAM  |c [452233] 
050 0 0 |a HB203  |b .K28 
082 0 |a 330.1622 
092 |a 330.1622  |b K21h 
100 1 |a Kauder, Emil. 
245 1 2 |a A history of marginal utility theory. 
264 1 |a Princeton, N. J. :  |b Princeton University Press,  |c 1965. 
300 |a xxii, 248 pages :  |b illustrations ;  |c 22 cm. 
336 |a text  |b txt  |2 rdacontent 
337 |a unmediated  |b n  |2 rdamedia 
338 |a volume  |b nc  |2 rdacarrier 
504 |a Includes bibliographical references. 
650 0 |a Marginal utility. 
999 |a MARS 
999 f f |s 62767b23-2e2e-37f9-b7bf-efeb5d068b9b  |i 0e0ebc99-e255-326e-9378-f6bc242c195f  |t 0 
952 f f |p ric  |a Texas A&M University  |b Rellis Campus  |c Joint Library Facility  |d Remote Storage  |t 0  |e HB203 .K28  |h Library of Congress classification  |i unmediated -- volume  |m A14800694848 
998 f f |a HB203 .K28  |t 0  |l Remote Storage